<?xml version="1.0" encoding="UTF-8"?><?xml-stylesheet type="text/xsl" href="static/style.xsl"?><OAI-PMH xmlns="http://www.openarchives.org/OAI/2.0/" xmlns:xsi="http://www.w3.org/2001/XMLSchema-instance" xsi:schemaLocation="http://www.openarchives.org/OAI/2.0/ http://www.openarchives.org/OAI/2.0/OAI-PMH.xsd"><responseDate>2026-04-27T21:21:55Z</responseDate><request verb="GetRecord" identifier="oai:uvadoc.uva.es:10324/7348" metadataPrefix="marc">https://uvadoc.uva.es/oai/request</request><GetRecord><record><header><identifier>oai:uvadoc.uva.es:10324/7348</identifier><datestamp>2021-06-29T10:12:21Z</datestamp><setSpec>com_10324_38</setSpec><setSpec>col_10324_852</setSpec></header><metadata><record xmlns="http://www.loc.gov/MARC21/slim" xmlns:doc="http://www.lyncode.com/xoai" xmlns:xsi="http://www.w3.org/2001/XMLSchema-instance" xmlns:dcterms="http://purl.org/dc/terms/" xsi:schemaLocation="http://www.loc.gov/MARC21/slim http://www.loc.gov/standards/marcxml/schema/MARC21slim.xsd">
<leader>00925njm 22002777a 4500</leader>
<datafield tag="042" ind1=" " ind2=" ">
<subfield code="a">dc</subfield>
</datafield>
<datafield tag="720" ind1=" " ind2=" ">
<subfield code="a">Otones García, Elsa</subfield>
<subfield code="e">author</subfield>
</datafield>
<datafield tag="260" ind1=" " ind2=" ">
<subfield code="c">2014</subfield>
</datafield>
<datafield tag="520" ind1=" " ind2=" ">
<subfield code="a">Se presenta un Trabajo Fin de Grado centrado en el absentismo escolar y un proyecto de intervención socioeducativa que establece una serie de medidas de carácter preventivo.&#xd;
Contiene una trayectoria sociohistórica del fenómeno del absentismo, la legislación vigente que establecen las líneas de actuación, y un análisis de los enfoques teóricos que lo explican.&#xd;
En concreto, a través del enfoque pedagógico, se centra en la capacidad de intervención que tiene la institución educativa para afrontar adecuadamente el absentismo con un proyecto socioeducativo de prevención, en un centro de educación secundaria.</subfield>
</datafield>
<datafield tag="024" ind2=" " ind1="8">
<subfield code="a">http://uvadoc.uva.es/handle/10324/7348</subfield>
</datafield>
<datafield ind1=" " ind2=" " tag="653">
<subfield code="a">Absentismo escolar</subfield>
</datafield>
<datafield ind1=" " ind2=" " tag="653">
<subfield code="a">Abandono de los estudios</subfield>
</datafield>
<datafield tag="245" ind1="0" ind2="0">
<subfield code="a">Proyecto de prevención de absentismo escolar en el I.E.S. Andrés Laguna de Segovia</subfield>
</datafield>
</record></metadata></record></GetRecord></OAI-PMH>